00501cam a2200157 i 4500020001500000082001100015100002000026245004000046260006600086300001800152500002000170650002000190942000700210999001500217952011100232 a008018299200a536/.71 aBuchdahl, H. A.10aTwenty lectures on thermodynamics / aRushcutters Bay, N.S.W. :bPergamon Press (Australia),c1975. avii, 106 p. ; aIncludes index. 0aThermodynamics. cBK c3290d3290 0010708NFICaICbICcGENd2016-04-22g480.00l0o536/.7 BUCp000180r2022-11-17 00:00:00w2016-04-22yBK